| 000 | 00643nam a2200181 i 4500 | ||
|---|---|---|---|
| 001 | 118520 | ||
| 003 | ES-MaACL | ||
| 005 | 20250909203500.0 | ||
| 007 | t| | ||
| 008 | 070214s1908 sp r ||||1| spa d | ||
| 100 | 1 |
_aPareja y Navarro, Miguel María de. _989068 |
|
| 245 | 1 | 4 |
_aLas ideas políticas de Baltasar Gracián _b: (tesis del Doctorado) / _cMiguel Mª de Pareja y Navarro. |
| 260 |
_aGranada : _b[s. n.], _c1908 ( _fTip. lit. de Paulino Ventura Traveset) |
||
| 500 | _aTesis doctoral. | ||
| 600 | 1 | 4 |
_aGracián, Baltasar, _d1601-1658- _xCrítica e interpretación _959479 |
| 852 |
_aES-MaACL _jT-1126-F-7 |
||
| 999 |
_c118520 _d118520 |
||